000
00210nam a22000977a 4500
999
_c
16187
_d
16187
003
OSt
008
200617b ||||| |||| 00| 0 eng d
100
_a
High E.S.R
_9
4606
245
_a
The creative word
942
_c
BK